ბათუმის შოთა რუსთაველის სახელმწიფო უნივერსიტეტის ბიბლიოთეკა

REVIEW OF MEDICAL PHYSIOLOGY / (ბიბ.ჩანაწერი № 62447)

000 -LEADER
fixed length control field 00750nam a22002177a 4500
005 - DATE AND TIME OF LATEST TRANSACTION
control field 20241105112923.0
008 - FIXED-LENGTH DATA ELEMENTS--GENERAL INFORMATION
fixed length control field 241105s2023 en ||||| |||| 00| 0 eng d
020 ## - INTERNATIONAL STANDARD BOOK NUMBER
International Standard Book Number 9789356963269 X
041 ## - LANGUAGE CODE
Language code of text/sound track or separate title eng
080 ## - UNIVERSAL DECIMAL CLASSIFICATION NUMBER
Universal Decimal Classification number 612S-46
100 ## - MAIN ENTRY--PERSONAL NAME
Personal name SEMBULINGAM, K
9 (RLIN) 8336
245 ## - TITLE STATEMENT
Title REVIEW OF MEDICAL PHYSIOLOGY /
Statement of responsibility, etc. K. SEMBULINGAM, PREMA SEMBULINGAM.
250 ## - EDITION STATEMENT
Edition statement 4 th Edition
264 ## - PRODUCTION, PUBLICATION, DISTRIBUTION, MANUFACTURE, AND COPYRIGHT NOTICE
Place of production, publication, distribution, manufacture NEW Delhi/ London:
Name of producer, publisher, distributor, manufacturer Jaypee Brothers Medical Publishers,
Date of production, publication, distribution, manufacture, or copyright notice 2023.
300 ## - PHYSICAL DESCRIPTION
Extent 205 p.:
Other physical details ill,
Dimensions 26 cm.
653 ## - INDEX TERM--UNCONTROLLED
keyword REVIEW OF MEDICAL PHYSIOLOGY
653 ## - INDEX TERM--UNCONTROLLED
keyword სამედიცინო ფიზიოლოგიის მიმოხილვა
653 ## - INDEX TERM--UNCONTROLLED
keyword მედიცინა
700 ## - ADDED ENTRY--PERSONAL NAME
Personal name SEMBULINGAM, PREMA
Relator term Author
9 (RLIN) 23622
942 ## - ADDED ENTRY ELEMENTS (KOHA)
Source of classification or shelving scheme
Koha item type წიგნი
ეგზემპლარები
Withdrawn status Lost status Source of classification or shelving scheme Damaged status Not for loan Permanent Location Current Location Shelving location Date acquired Cost, normal purchase price Full call number Barcode Date last seen Copy number Price effective from Koha item type Public note
          ბათუმის შოთა რუსთაველის სახელმწიფო უნივერსიტეტის მთავარი ბიბლიოთეკა ბათუმის შოთა რუსთაველის სახელმწიფო უნივერსიტეტის მთავარი ბიბლიოთეკა წიგნსაცავი 2024-11-05 156.00 612S-46 69577 2024-11-05 69577 2024-11-05 წიგნი 156.00
          ბათუმის შოთა რუსთაველის სახელმწიფო უნივერსიტეტის მთავარი ბიბლიოთეკა ბათუმის შოთა რუსთაველის სახელმწიფო უნივერსიტეტის მთავარი ბიბლიოთეკა წიგნსაცავი 2024-11-05 156.00 612S-46 69578 2024-11-05 69578 2024-11-05 წიგნი 156.00
          ბათუმის შოთა რუსთაველის სახელმწიფო უნივერსიტეტის მთავარი ბიბლიოთეკა ბათუმის შოთა რუსთაველის სახელმწიფო უნივერსიტეტის მთავარი ბიბლიოთეკა წიგნსაცავი 2024-11-05 156.00 612S-46 69579 2024-11-05 69579 2024-11-05 წიგნი 156.00
          ბათუმის შოთა რუსთაველის სახელმწიფო უნივერსიტეტის მთავარი ბიბლიოთეკა ბათუმის შოთა რუსთაველის სახელმწიფო უნივერსიტეტის მთავარი ბიბლიოთეკა წიგნსაცავი 2024-11-05 156.00 612S-46 69580 2024-11-05 69580 2024-11-05 წიგნი 156.00
          ბათუმის შოთა რუსთაველის სახელმწიფო უნივერსიტეტის მთავარი ბიბლიოთეკა ბათუმის შოთა რუსთაველის სახელმწიფო უნივერსიტეტის მთავარი ბიბლიოთეკა წიგნსაცავი 2024-11-05 156.00 612S-46 69581 2024-11-05 69581 2024-11-05 წიგნი 156.00